[Event "Club de St-Jean ferme"]
[Site "St-Jean-sur-Richelieu CAN"]
[Date "2003.02.05"]
[Round "1"]
[White "Boileau, Samuel"]
[Black "Mongeau, Diane"]
[Result "1-0"]
[WhiteElo "1764"]
[BlackElo "1883"]
[PlyCount "70"]
[EventDate "2003.02.05"]
[EventType "swiss"]
[EventRounds "5"]
[EventCountry "CAN"]

1. d4 d5 2. c4 e6 3. Nc3 c6 4. e3 Nf6 5. Nf3 Nbd7 6. Bd3 Be7 7. Bd2 O-O 8. Qc2
Re8 9. Ng5 Nf8 10. Ne2 h6 11. Nf3 N8d7 12. Ne5 dxc4 13. Bxc4 c5 14. Nf4 Nxe5
15. dxe5 Nd5 16. Rd1 g5 17. Nh5 Qc7 18. f4 Bd7 19. O-O b5 20. fxg5 Rf8 21. g6
f5 22. exf6 Nxf6 23. Nxf6+ Bxf6 24. Bd3 b4 25. Bxb4 Qe5 26. Qxc5 Qxb2 27. Qh5
Qxb4 28. Qxh6 Qe7 29. Be4 Rad8 30. Rf3 Qg7 31. Qh5 Be7 32. Rxf8+ Bxf8 33. Rf1
Be8 34. Qh7+ Qxh7 35. gxh7+ Kg7 1-0

[Event "Club de St-Jean ferme"]
[Site "St-Jean-sur-Richelieu CAN"]
[Date "2003.02.05"]
[Round "1"]
[White "Denicourt, Bruno"]
[Black "Royer, Christian"]
[Result "1-0"]
[WhiteElo "1601"]
[BlackElo "1209"]
[PlyCount "83"]
[EventDate "2003.02.05"]
[EventType "swiss"]
[EventRounds "5"]
[EventCountry "CAN"]

1. e4 d6 2. d4 Nf6 3. Nc3 g6 4. Be2 Bg7 5. Nf3 Bg4 6. O-O O-O 7. Re1 Nbd7 8. h3
Bxf3 9. Bxf3 e5 10. d5 a6 11. a4 Qb8 12. h4 h5 13. Bg5 c6 14. g4 hxg4 15. Bxg4
Nxg4 16. Qxg4 Nf6 17. Bxf6 Bxf6 18. h5 Qc8 19. Qxc8 Raxc8 20. hxg6 fxg6 21.
Rad1 c5 22. Ne2 Bh4 23. Rf1 g5 24. Kg2 Rc7 25. Ng3 Bxg3 26. fxg3 Rcf7 27. Rxf7
Rxf7 28. Rh1 Rh7 29. Rf1 Rf7 30. Rh1 Rh7 31. Rxh7 Kxh7 32. Kf3 Kg6 33. Kg4 b6
34. c4 a5 35. b3 Kf6 36. Kh5 g4 37. Kxg4 Kg6 38. Kh4 Kh6 39. g4 Kg6 40. g5 Kg7
41. Kh5 Kg8 42. Kg6 1-0

[Event "Club de St-Jean ferme"]
[Site "St-Jean-sur-Richelieu CAN"]
[Date "2003.02.05"]
[Round "1"]
[White "Dubois, Real"]
[Black "Boucher, Bruno"]
[Result "1/2-1/2"]
[WhiteElo "1184"]
[BlackElo "1516"]
[PlyCount "77"]
[EventDate "2003.02.05"]
[EventType "swiss"]
[EventRounds "5"]
[EventCountry "CAN"]

1. d4 d5 2. Nf3 Nf6 3. e3 Bf5 4. c4 e6 5. cxd5 exd5 6. Be2 c6 7. O-O Bd6 8. b3
Qc7 9. Bb2 Nbd7 10. Nbd2 h5 11. h3 Ne4 12. Rc1 Ndf6 13. Ne5 Nxd2 14. Qxd2 Ne4
15. Qd1 g6 16. Nd3 h4 17. Bg4 Qc8 18. Bxf5 Qxf5 19. Nc5 Nxc5 20. dxc5 Be5 21.
Bxe5 Qxe5 22. Qd4 Rh5 23. f4 Qxd4 24. exd4 O-O-O 25. Rce1 Kd7 26. Re5 Rhh8 27.
Rfe1 Rhe8 28. Rxe8 Rxe8 29. Rxe8 Kxe8 30. Kf2 Ke7 31. Kf3 f5 32. g4 hxg3 33.
Kxg3 b6 34. b4 b5 35. Kh4 Kf6 36. a3 a6 37. Kg3 Kg7 38. h4 Kh6 39. Kh3 1/2-1/2

[Event "Club de St-Jean ferme"]
[Site "St-Jean-sur-Richelieu CAN"]
[Date "2003.02.05"]
[Round "1"]
[White "Granger, David"]
[Black "Mongeau, Melissa"]
[Result "0-1"]
[WhiteElo "1201"]
[BlackElo "1215"]
[PlyCount "72"]
[EventDate "2003.02.05"]
[EventType "swiss"]
[EventRounds "5"]
[EventCountry "CAN"]

1. e4 c5 2. Nf3 g6 3. c4 Bg7 4. Nc3 Nc6 5. d3 Nf6 6. Be3 b6 7. g3 O-O 8. Bg2 e6
9. O-O d5 10. exd5 exd5 11. Qa4 Bb7 12. Bg5 Nb4 13. d4 Bc6 14. Qb3 dxc4 15.
Qxc4 Nc2 16. Rad1 Nxd4 17. Nxd4 Bxg2 18. Kxg2 cxd4 19. Rxd4 Qe7 20. Nd5 Qb7 21.
f3 Rac8 22. Qb3 Nxd5 23. Qxd5 Qa6 24. Rd2 Rc5 25. Qd8 Rxd8 26. Rxd8+ Bf8 27.
Bh6 Rc8 28. Rfd1 Qe2+ 29. Kh3 Qe6+ 30. g4 Qc6 31. Bxf8 Qxf3+ 32. Kh4 Qf6+ 33.
g5 Qf4+ 34. Kh3 Qf3+ 35. Kh4 Rc4+ 36. R1d4 Rxd4+ 0-1

[Event "Club de St-Jean ferme"]
[Site "St-Jean-sur-Richelieu CAN"]
[Date "2003.02.05"]
[Round "1"]
[White "Maxant, Joseph"]
[Black "Audet, Michel"]
[Result "1-0"]
[WhiteElo "1773"]
[BlackElo "1713"]
[PlyCount "83"]
[EventDate "2003.02.05"]
[EventType "swiss"]
[EventRounds "5"]
[EventCountry "CAN"]

1. e4 c5 2. c3 e6 3. d4 Qb6 4. Nf3 Nf6 5. e5 Nd5 6. Be2 cxd4 7. Nxd4 Bc5 8. O-O
a6 9. Nb3 Be7 10. c4 Nb4 11. Be3 Qd8 12. a3 N4c6 13. Bf4 O-O 14. Nc3 f6 15.
exf6 Bxf6 16. Bd6 Ne7 17. Qc2 Rf7 18. Ne4 Nbc6 19. Rad1 Nf5 20. Nxf6+ gxf6 21.
c5 Nxd6 22. Rxd6 Rg7 23. Rfd1 Qe8 24. f4 Ne7 25. Nd4 Nd5 26. Qd2 Qg6 27. Bc4
Nxf4 28. Nxe6 Qxg2+ 29. Qxg2 Rxg2+ 30. Kf1 Rc2 31. Nc7+ Rxc4 32. Nxa8 Rxc5 33.
Nb6 Rc2 34. R1d2 Rc1+ 35. Kf2 Kf7 36. Nxc8 Rxc8 37. Rxd7+ Kg6 38. Rxb7 Rc6 39.
Kf3 Ne6 40. h4 h6 41. Rd5 Rc4 42. h5# 1-0

[Event "Club de St-Jean ferme"]
[Site "St-Jean-sur-Richelieu CAN"]
[Date "2003.02.05"]
[Round "1"]
[White "Morin, Gaetan"]
[Black "McAlpin, John-Francis"]
[Result "1/2-1/2"]
[WhiteElo "1717"]
[BlackElo "1909"]
[PlyCount "127"]
[EventDate "2003.02.05"]
[EventType "swiss"]
[EventRounds "5"]
[EventCountry "CAN"]

1. e4 c5 2. Nf3 d6 3. d4 cxd4 4. Nxd4 Nf6 5. Nc3 g6 6. f3 Bg7 7. Be3 O-O 8. Qd2
Nc6 9. O-O-O Nxd4 10. Bxd4 Be6 11. Be3 Qa5 12. Kb1 Rfc8 13. Nd5 Qxd2 14. Rxd2
Nxd5 15. exd5 Bd7 16. h4 b5 17. h5 b4 18. hxg6 hxg6 19. g4 a5 20. Rdh2 a4 21.
Bh6 Bf6 22. Bd3 Rab8 23. Re2 b3 24. cxb3 axb3 25. a3 Rc5 26. Be4 Bb5 27. Rd2
Bc4 28. Be3 Ra5 29. Bd4 Kg7 30. Bxf6+ Kxf6 31. Rh7 e5 32. dxe6 Kxe6 33. Rh1 d5
34. Bd3 Rc5 35. Re1+ Kd6 36. Bxc4 Rxc4 37. Rd3 Rb7 38. Ree3 d4 39. Re4 Kd5 40.
Re8 f5 41. gxf5 gxf5 42. f4 Rcc7 43. Rd8+ Rd7 44. Rxd7+ Rxd7 45. Rxb3 Rc7 46.
Rb8 Ke4 47. Rd8 d3 48. b4 Ke3 49. b5 Ke2 50. Kb2 Rc4 51. Kb3 Rc1 52. a4 d2 53.
Kb4 d1=Q 54. Rxd1 Rxd1 55. b6 Rd4+ 56. Kb5 Rxf4 57. b7 Rf1 58. a5 f4 59. a6
Rb1+ 60. Kc6 f3 61. a7 f2 62. b8=Q f1=Q 63. Qxb1 Qxb1 64. Kc7 1/2-1/2

[Event "Club de St-Jean ferme"]
[Site "St-Jean-sur-Richelieu CAN"]
[Date "2003.02.05"]
[Round "1"]
[White "Philipps, Sacha"]
[Black "Kowalyszyn, Miguel"]
[Result "0-1"]
[WhiteElo "1422"]
[BlackElo "1613"]
[PlyCount "72"]
[EventDate "2003.02.05"]
[EventType "swiss"]
[EventRounds "5"]
[EventCountry "CAN"]

1. e4 c5 2. b3 Nc6 3. Bb2 d6 4. Nf3 Nf6 5. d3 Bg4 6. Be2 g6 7. Nbd2 Bg7 8. O-O
O-O 9. Rb1 Qc7 10. Nh4 Bxe2 11. Qxe2 Nd4 12. Qd1 h5 13. Nhf3 Nxf3+ 14. Nxf3
Rac8 15. h3 b5 16. Nd2 Rfd8 17. Bxf6 Bxf6 18. f4 Bd4+ 19. Kh1 c4 20. bxc4 bxc4
21. Nxc4 d5 22. exd5 Rxd5 23. Qf3 e6 24. a3 Rb8 25. g4 hxg4 26. hxg4 Rf8 27. f5
gxf5 28. gxf5 Rxf5 29. Qg4+ Bg7 30. Rxf5 exf5 31. Qxf5 Qc6+ 32. Kh2 Re8 33. Rg1
Re2+ 34. Kh3 Qh6+ 35. Kg3 Qh2+ 36. Kg4 Qxg1+ 0-1

[Event "Club de St-Jean ferme"]
[Site "St-Jean-sur-Richelieu CAN"]
[Date "2003.02.05"]
[Round "1"]
[White "Robichaud, Jocelyn"]
[Black "Deneault, Leo"]
[Result "1/2-1/2"]
[WhiteElo "1470"]
[BlackElo "1121"]
[PlyCount "135"]
[EventDate "2003.02.05"]
[EventType "swiss"]
[EventRounds "5"]
[EventCountry "CAN"]

1. e4 c5 2. Nf3 d6 3. d4 g6 4. dxc5 Qa5+ 5. Nc3 Qxc5 6. Qd4 Qxd4 7. Nxd4 a6 8.
Be3 e6 9. Bc4 Bd7 10. O-O Bg7 11. f4 Nh6 12. h3 f6 13. Bxe6 Nc6 14. Bxd7+ Kxd7
15. Nxc6 bxc6 16. Bf2 Rab8 17. Rab1 Rb4 18. Rfd1 Kc7 19. Rd4 Rhb8 20. Rxb4 Rxb4
21. b3 f5 22. a3 Rb8 23. Be1 Re8 24. exf5 Nxf5 25. Na2 c5 26. Bc3 d5 27. Bxg7
Nxg7 28. Kf2 Kc6 29. b4 c4 30. Nc3 d4 31. Ne2 Nf5 32. g4 d3 33. cxd3 cxd3 34.
gxf5 Rxe2+ 35. Kf1 Ra2 36. f6 Kd6 37. Re1 d2 38. Rd1 Ke6 39. Ke2 Kxf6 40. Rxd2
Rxa3 41. Rd3 Ra2+ 42. Kf3 Rb2 43. Rd6+ Ke7 44. Rxa6 Kf8 45. Rb6 Kg7 46. Rb7+
Kh6 47. b5 Rb4 48. b6 Rb3+ 49. Kg4 Rb4 50. h4 Rb1 51. Rb8 Rg1+ 52. Kf3 Kh5 53.
b7 Rb1 54. Rh8 Rb3+ 55. Ke4 Rxb7 56. f5 gxf5+ 57. Kxf5 Kxh4 58. Rc8 h6 59. Rc4+
Kh3 60. Rc3+ Kh2 61. Rc2+ Kh3 62. Rc3+ Kh2 63. Rc2+ Kg3 64. Rc3+ Kf2 65. Kg4
Rh7 66. Rh3 h5+ 67. Rxh5 Rxh5 68. Kxh5 1/2-1/2

[Event "Club de St-Jean ferme"]
[Site "St-Jean-sur-Richelieu CAN"]
[Date "2003.02.12"]
[Round "2"]
[White "Audet, Michel"]
[Black "Denicourt, Bruno"]
[Result "1-0"]
[WhiteElo "1713"]
[BlackElo "1601"]
[PlyCount "59"]
[EventDate "2003.02.05"]
[EventType "swiss"]
[EventRounds "5"]
[EventCountry "CAN"]

1. e4 e5 2. f4 d6 3. Nf3 exf4 4. d4 g5 5. h3 Bg7 6. Bc4 Nc6 7. c3 h6 8. b4 Nf6
9. Nbd2 Qe7 10. Qc2 Bf5 11. Bd3 O-O 12. O-O Bg6 13. b5 Nb8 14. Ba3 Rd8 15. Rfe1
Qd7 16. e5 Bxd3 17. Qxd3 Nh5 18. exd6 cxd6 19. Ne4 g4 20. hxg4 Qxg4 21. Nf2 Qd7
22. Re4 Re8 23. Rxe8+ Qxe8 24. Re1 Qd7 25. Bc1 Bf6 26. a4 Bg5 27. Nh3 f6 28.
Qg6+ Ng7 29. Nxf4 Qf5 30. Re8# 1-0

[Event "Club de St-Jean ferme"]
[Site "St-Jean-sur-Richelieu CAN"]
[Date "2003.02.12"]
[Round "2"]
[White "Bellerose, Robert"]
[Black "Kowalyszyn, Miguel"]
[Result "1-0"]
[WhiteElo "1698"]
[BlackElo "1613"]
[PlyCount "41"]
[EventDate "2003.02.05"]
[EventType "swiss"]
[EventRounds "5"]
[EventCountry "CAN"]

1. e4 e5 2. Nf3 Nc6 3. Bb5 Nf6 4. O-O Be7 5. Re1 a6 6. Ba4 O-O 7. c3 b5 8. Bc2
d5 9. exd5 Nxd5 10. Nxe5 Nxe5 11. Rxe5 Nf6 12. d4 Bd6 13. Re1 Ng4 14. g3 Nxh2
15. Qh5 g6 16. Qxh2 Re8 17. Rxe8+ Qxe8 18. Be3 Bg4 19. Nd2 b4 20. Ne4 bxc3 21.
Nf6+ 1-0

[Event "Club de St-Jean ferme"]
[Site "St-Jean-sur-Richelieu CAN"]
[Date "2003.02.12"]
[Round "2"]
[White "Boucher, Bruno"]
[Black "Granger, David"]
[Result "0-1"]
[WhiteElo "1516"]
[BlackElo "1201"]
[PlyCount "104"]
[EventDate "2003.02.05"]
[EventType "swiss"]
[EventRounds "5"]
[EventCountry "CAN"]

1. d4 d5 2. c4 c6 3. cxd5 cxd5 4. Nc3 Nf6 5. Nf3 Nc6 6. Bf4 Bf5 7. e3 e6 8. a3
Qb6 9. Bb5 Be7 10. O-O O-O 11. b4 Nxb4 12. axb4 Bxb4 13. Bd3 Bxc3 14. Rb1 Bb4
15. Bxf5 exf5 16. Qb3 a5 17. Ne5 Rfd8 18. Bg5 h6 19. Bxf6 Qxf6 20. Nd3 Qe7 21.
Rfc1 Ba3 22. Rc3 Rab8 23. Qxa3 Qxa3 24. Rxa3 b6 25. Rc1 Rdc8 26. Rac3 Rxc3 27.
Rxc3 b5 28. Rb3 Kf8 29. Nc5 Ke7 30. Kf1 Kd6 31. Ke2 b4 32. h4 Kc6 33. Rb1 Kb5
34. Ra1 Ra8 35. Ra4 f4 36. Kd3 fxe3 37. fxe3 Rc8 38. Ra1 Ra8 39. Kc2 a4 40. Kb2
a3+ 41. Kb3 Re8 42. Re1 Ra8 43. Re2 f5 44. Ne6 Rc8 45. Nc5 g5 46. hxg5 hxg5 47.
g4 fxg4 48. Rg2 Re8 49. Rg3 Ra8 50. Rg2 a2 51. Rxa2 Rxa2 52. Kxa2 g3 0-1

[Event "Club de St-Jean ferme"]
[Site "St-Jean-sur-Richelieu CAN"]
[Date "2003.02.12"]
[Round "2"]
[White "Deneault, Leo"]
[Black "Philipps, Sacha"]
[Result "1-0"]
[WhiteElo "1121"]
[BlackElo "1422"]
[PlyCount "31"]
[EventDate "2003.02.05"]
[EventType "swiss"]
[EventRounds "5"]
[EventCountry "CAN"]

1. e4 c5 2. c3 e5 3. Nf3 d6 4. c4 Nf6 5. Nc3 b6 6. d3 Bb7 7. Be2 Be7 8. a4 O-O
9. h3 Nc6 10. Be3 a6 11. Nh2 Nb4 12. O-O Re8 13. b3 Kh8 14. Bf3 Nd7 15. Qe2 Bf8
16. Bg4 1-0

[Event "Club de St-Jean ferme"]
[Site "St-Jean-sur-Richelieu CAN"]
[Date "2003.02.12"]
[Round "2"]
[White "Maxant, Joseph"]
[Black "Barre, Michel"]
[Result "1-0"]
[WhiteElo "1773"]
[BlackElo "1936"]
[PlyCount "79"]
[EventDate "2003.02.05"]
[EventType "swiss"]
[EventRounds "5"]
[EventCountry "CAN"]

1. e4 c5 2. c3 d5 3. exd5 Qxd5 4. d4 Nf6 5. Nf3 Bg4 6. Be2 Nc6 7. O-O e6 8. Be3
cxd4 9. cxd4 Bb4 10. Nc3 Qa5 11. Qb3 O-O 12. a3 Bxc3 13. bxc3 b6 14. h3 Bh5 15.
g4 Bg6 16. c4 Ne4 17. d5 Nd8 18. Rac1 Rc8 19. Rfd1 Nc5 20. Qa2 f6 21. g5 Qa4
22. gxf6 gxf6 23. Nh4 Qe8 24. Kh1 Bh5 25. Rg1+ Kh8 26. Bh6 Rg8 27. Rxg8+ Kxg8
28. Rg1+ Bg6 29. Bh5 exd5 30. Nxg6 hxg6 31. Bxg6 Nf7 32. cxd5 Kh8 33. Qb1 Qd7
34. Bg7+ Kxg7 35. Bf5+ Kf8 36. Bxd7 Nxd7 37. Qh7 Rc4 38. d6 Ke8 39. Qg8+ Nf8
40. d7+ 1-0

[Event "Club de St-Jean ferme"]
[Site "St-Jean-sur-Richelieu CAN"]
[Date "2003.02.12"]
[Round "2"]
[White "McAlpin, John-Francis"]
[Black "Boileau, Samuel"]
[Result "0-1"]
[WhiteElo "1909"]
[BlackElo "1764"]
[PlyCount "142"]
[EventDate "2003.02.05"]
[EventType "swiss"]
[EventRounds "5"]
[EventCountry "CAN"]

1. d4 Nf6 2. c4 e6 3. Nf3 d5 4. Nc3 Bb4 5. e3 c5 6. Bd2 Nc6 7. cxd5 exd5 8. a3
Bxc3 9. Bxc3 c4 10. b3 b5 11. Nd2 Bf5 12. Be2 O-O 13. O-O a5 14. Bb2 a4 15.
bxc4 bxc4 16. Bf3 Qd7 17. Bc3 Na5 18. Ra2 Rfb8 19. Re1 Nb3 20. Nxc4 dxc4 21.
Bxa8 Rxa8 22. f3 Bd3 23. e4 Ne8 24. d5 Nc7 25. Kh1 Rc8 26. Re3 Nb5 27. Bb4 Qa7
28. Qe1 N5d4 29. e5 Nf5 30. Rae2 Bxe2 31. Rxe2 Nfd4 32. Rf2 Qb7 33. f4 Qxd5 34.
f5 Re8 35. e6 Nxf5 36. exf7+ Kxf7 37. Qf1 g6 38. Kg1 Qd3 39. g4 Qxf1+ 40. Kxf1
Kf6 41. Bc3+ Ke6 42. gxf5+ gxf5 43. Rf4 Kd5 44. Rxf5+ Ke4 45. Rf7 Kd3 46. Bb4
Nd2+ 47. Kg2 Re2+ 48. Kh3 c3 49. Rd7+ Kc2 50. Rxh7 Kb2 51. Rb7 Nb3 52. Bxc3+
Kxc3 53. Rb5 Nd4 54. Kg3 Ra2 55. h4 Rxa3 56. Rb8 Ra1 57. h5 Rh1 58. Kg4 a3 59.
Ra8 Kb2 60. Rb8+ Nb3 61. Kg5 a2 62. Ra8 Nd4 63. Kg6 a1=Q 64. Rxa1 Kxa1 65. h6
Ne6 66. Kh7 Kb2 67. Kg6 Kc3 68. Kh7 Kd4 69. Kg6 Ke5 70. Kh7 Kf6 71. Kh8 Ng5 0-1

[Event "Club de St-Jean ferme"]
[Site "St-Jean-sur-Richelieu CAN"]
[Date "2003.02.12"]
[Round "2"]
[White "Mongeau, Diane"]
[Black "Morin, Gaetan"]
[Result "0-1"]
[WhiteElo "1883"]
[BlackElo "1717"]
[PlyCount "70"]
[EventDate "2003.02.05"]
[EventType "swiss"]
[EventRounds "5"]
[EventCountry "CAN"]

1. d4 e6 2. Nf3 Nf6 3. Bg5 h6 4. Bxf6 Qxf6 5. e4 d6 6. Bd3 b6 7. c3 g6 8. Nbd2
Bb7 9. Qa4+ Bc6 10. Qc2 Bg7 11. c4 O-O 12. O-O Nd7 13. b4 Rfc8 14. Nb3 Ba4 15.
Qd2 Bxb3 16. axb3 c5 17. bxc5 bxc5 18. Ra6 Qe7 19. e5 dxe5 20. dxe5 Nxe5 21.
Nxe5 Bxe5 22. Qxh6 Bg7 23. Qe3 Qb7 24. Ra5 Qxb3 25. Rb1 Qc3 26. Ra6 Rd8 27. Be4
Qxc4 28. Ra3 Rab8 29. Re1 Bd4 30. Qf3 Rb2 31. Kh1 Rxf2 32. Qd1 Bf6 33. Qb1 Qb4
34. Qxb4 cxb4 35. Rxa7 Re2 0-1

[Event "Club de St-Jean ferme"]
[Site "St-Jean-sur-Richelieu CAN"]
[Date "2003.02.12"]
[Round "2"]
[White "Mongeau, Melissa"]
[Black "Robichaud, Jocelyn"]
[Result "1-0"]
[WhiteElo "1215"]
[BlackElo "1470"]
[PlyCount "75"]
[EventDate "2003.02.05"]
[EventType "swiss"]
[EventRounds "5"]
[EventCountry "CAN"]

1. e4 e5 2. Nf3 Nc6 3. Bc4 Bc5 4. c3 Nf6 5. d4 exd4 6. cxd4 Bb6 7. Qd3 d6 8. h3
h6 9. Nbd2 Na5 10. Bb5+ Bd7 11. Bxd7+ Qxd7 12. b4 Nc6 13. a3 O-O 14. Bb2 d5 15.
e5 Nh5 16. O-O Nf4 17. Qe3 Ne6 18. Nb3 Ne7 19. Nh4 c6 20. f4 f6 21. f5 Ng5 22.
e6 Qc7 23. a4 a6 24. b5 axb5 25. Ba3 Rxa4 26. Bxe7 Qxe7 27. Ng6 Qb4 28. Nxf8
Kxf8 29. Nc5 Ke7 30. Rfb1 Rxa1 31. Rxa1 Ne4 32. Rc1 Qb2 33. Kh2 Bc7+ 34. Kg1
Bg3 35. Nxe4 dxe4 36. Rd1 Bh4 37. Qf4 Bf2+ 38. Kh1 1-0

[Event "Club de St-Jean ferme"]
[Site "St-Jean-sur-Richelieu CAN"]
[Date "2003.02.12"]
[Round "2"]
[White "Royer, Christian"]
[Black "Dubois, Real"]
[Result "1/2-1/2"]
[WhiteElo "1209"]
[BlackElo "1184"]
[PlyCount "112"]
[EventDate "2003.02.05"]
[EventType "swiss"]
[EventRounds "5"]
[EventCountry "CAN"]

1. d4 d5 2. Nf3 Nf6 3. e3 e6 4. Nbd2 Bd6 5. Bd3 c6 6. O-O Qc7 7. e4 dxe4 8.
Nxe4 Nxe4 9. Bxe4 O-O 10. c3 Nd7 11. Qc2 g6 12. Re1 Re8 13. h3 Nf6 14. Bg5 Nh5
15. Rad1 a5 16. a3 a4 17. Bd3 Ra5 18. Bd2 Ng7 19. c4 Ra7 20. Qc3 Nh5 21. d5
cxd5 22. cxd5 Qxc3 23. Bxc3 Nf4 24. dxe6 Bxe6 25. Bb5 Rd8 26. Be5 Nd5 27. Bc4
Bxe5 28. Rxe5 Ra5 29. Ng5 Rd6 30. Nxe6 fxe6 31. Rde1 b6 32. Bxd5 exd5 33. Re8+
Kf7 34. R8e3 d4 35. Rf3+ Kg7 36. Rd3 Rad5 37. Rb1 b5 38. b3 axb3 39. Rbxb3 Rc6
40. Kh2 Rcc5 41. Rb4 Rc2 42. Rbxd4 Rxd4 43. Rxd4 Rb2 44. f4 Rb3 45. a4 bxa4 46.
Rxa4 h6 47. Ra5 Kf6 48. h4 h5 49. g3 Kg7 50. f5 Rf3 51. fxg6 Kxg6 52. Rg5+ Kh6
53. Rd5 Rf6 54. Kh3 Rg6 55. Rg5 Rxg5 56. hxg5+ Kxg5 1/2-1/2

[Event "Club de St-Jean ferme"]
[Site "St-Jean-sur-Richelieu CAN"]
[Date "2003.02.19"]
[Round "3"]
[White "Bellerose, Robert"]
[Black "Deneault, Leo"]
[Result "1-0"]
[WhiteElo "1698"]
[BlackElo "1121"]
[PlyCount "65"]
[EventDate "2003.02.05"]
[EventType "swiss"]
[EventRounds "5"]
[EventCountry "CAN"]

1. e4 e6 2. d4 d5 3. e5 c5 4. c3 Bd7 5. Bd3 c4 6. Bc2 b5 7. a4 b4 8. cxb4 Bxb4+
9. Bd2 Bxd2+ 10. Qxd2 a5 11. Ne2 Nh6 12. O-O O-O 13. b3 cxb3 14. Bxb3 Qh4 15.
Bc2 Ng4 16. h3 Nh6 17. Nbc3 f6 18. Rab1 Nc6 19. Rb7 Rad8 20. Nf4 fxe5 21. g3
Qf6 22. dxe5 Nxe5 23. Bd1 Nc4 24. Qd3 Nb2 25. Qd2 Nxd1 26. Rxd1 d4 27. Ne4 Qe5
28. Qxd4 Qxd4 29. Rxd4 e5 30. Rdxd7 exf4 31. Rxg7+ Kh8 32. Rxh7+ Kg8 33. Rbg7#
1-0

[Event "Club de St-Jean ferme"]
[Site "St-Jean-sur-Richelieu CAN"]
[Date "2003.02.19"]
[Round "3"]
[White "Boileau, Samuel"]
[Black "Barre, Michel"]
[Result "1/2-1/2"]
[WhiteElo "1764"]
[BlackElo "1936"]
[PlyCount "82"]
[EventDate "2003.02.05"]
[EventType "swiss"]
[EventRounds "5"]
[EventCountry "CAN"]

1. d4 c5 2. c4 Nf6 3. Nf3 cxd4 4. Nxd4 g6 5. Nc3 Bg7 6. g3 O-O 7. Bg2 Nc6 8.
Nxc6 dxc6 9. O-O Be6 10. b3 Qa5 11. Bd2 Rfd8 12. Qc2 Rd7 13. Nd5 Qd8 14. Nxf6+
Bxf6 15. Rad1 Qf8 16. Bb4 Rad8 17. Rd2 Bg5 18. f4 Bf6 19. Rfd1 Bd4+ 20. Kh1 c5
21. Bc3 Qg7 22. Bxd4 cxd4 23. Bf3 h5 24. h4 Bf5 25. Be4 Bg4 26. Kg2 Qf6 27. Qd3
b6 28. b4 Kg7 29. c5 bxc5 30. bxc5 Rc7 31. Qc4 Be6 32. Qb4 Bd5 33. Bxd5 Rxd5
34. Rc1 Qc6 35. Kf2 e5 36. fxe5 Rxe5 37. Rxd4 Rxc5 38. Rxc5 Qxc5 39. Qxc5 Rxc5
40. Ra4 a5 41. Ke3 Kf6 1/2-1/2

[Event "Club de St-Jean ferme"]
[Site "St-Jean-sur-Richelieu CAN"]
[Date "2003.02.19"]
[Round "3"]
[White "Denicourt, Bruno"]
[Black "Mongeau, Diane"]
[Result "0-1"]
[WhiteElo "1601"]
[BlackElo "1883"]
[PlyCount "86"]
[EventDate "2003.02.05"]
[EventType "swiss"]
[EventRounds "5"]
[EventCountry "CAN"]

1. e4 c5 2. Nc3 Nc6 3. g3 g6 4. Bg2 Bg7 5. d3 d6 6. Nd5 e6 7. Ne3 Nge7 8. f4 d5
9. a4 O-O 10. Ne2 b6 11. O-O Bb7 12. f5 d4 13. f6 Bxf6 14. Rxf6 dxe3 15. Rf1
Ne5 16. h3 h6 17. Bxe3 g5 18. Kh2 f5 19. Rf2 N7g6 20. Qf1 Qd7 21. b3 Rf7 22.
exf5 exf5 23. Bxb7 Qxb7 24. Qg2 Qxg2+ 25. Kxg2 Raf8 26. Raf1 Ne7 27. Nc3 N5c6
28. Kg1 Kg7 29. Kg2 Kg6 30. Kg1 Nb4 31. Bc1 Ned5 32. Nxd5 Nxd5 33. Re1 Re7 34.
Rxe7 Nxe7 35. Re2 Nc6 36. Bb2 Kf7 37. c3 Rd8 38. Rd2 Ne5 39. Kf2 Rxd3 40. Re2
Ng6 41. Re3 Rxe3 42. Kxe3 f4+ 43. Kf3 Ne5+ 0-1

[Event "Club de St-Jean ferme"]
[Site "St-Jean-sur-Richelieu CAN"]
[Date "2003.02.19"]
[Round "3"]
[White "Dubois, Real"]
[Black "Granger, David"]
[Result "0-1"]
[WhiteElo "1184"]
[BlackElo "1201"]
[PlyCount "124"]
[EventDate "2003.02.05"]
[EventType "swiss"]
[EventRounds "5"]
[EventCountry "CAN"]

1. d4 d5 2. g3 c6 3. Bg2 Nf6 4. Nf3 Bf5 5. c3 e6 6. O-O Bd6 7. Qb3 Qc7 8. Nbd2
Nbd7 9. Re1 O-O 10. c4 b6 11. cxd5 cxd5 12. Nf1 e5 13. dxe5 Bxe5 14. Nxe5 Qxe5
15. Bf4 Qe6 16. Rac1 Nc5 17. Qe3 Qxe3 18. Nxe3 Be4 19. Bd6 Rac8 20. Bxc5 Rxc5
21. Rxc5 bxc5 22. Bxe4 dxe4 23. Nc4 Rd8 24. a3 Rd4 25. Rc1 h6 26. Kg2 Nd7 27.
Rc2 Nb6 28. Ne3 c4 29. Nf5 Rd7 30. f3 exf3+ 31. Kxf3 g6 32. Nxh6+ Kg7 33. Ng4
Rc7 34. Ne3 Kf6 35. h3 Ke5 36. Nd1 Nd5 37. Nc3 Nxc3 38. Rxc3 Kd4 39. e3+ Kd5
40. h4 Rc6 41. Ke2 Rb6 42. Rc2 Rb3 43. g4 f5 44. gxf5 gxf5 45. Kf3 Rb6 46. Kf4
Rh6 47. Rh2 Rh5 48. Kg3 Ke4 49. Rc2 Kxe3 50. Rxc4 Rh7 51. Rc3+ Ke4 52. Kh3 f4
53. Rc6 f3 54. Rf6 Rg7 55. h5 Ke3 56. Re6+ Kf4 57. Rg6 Rh7 58. h6 f2 59. Rg4+
Kf3 60. Rg3+ Ke2 61. Rg2 Rxh6+ 62. Kg3 Rg6+ 0-1

[Event "Club de St-Jean ferme"]
[Site "St-Jean-sur-Richelieu CAN"]
[Date "2003.02.19"]
[Round "3"]
[White "Kowalyszyn, Miguel"]
[Black "Audet, Michel"]
[Result "1-0"]
[WhiteElo "1613"]
[BlackElo "1713"]
[PlyCount "61"]
[EventDate "2003.02.05"]
[EventType "swiss"]
[EventRounds "5"]
[EventCountry "CAN"]

1. d4 c5 2. d5 e6 3. d6 Qb6 4. Bf4 Qxb2 5. Nd2 Qf6 6. e3 e5 7. Bg3 Qxd6 8. Qf3
Qf6 9. Qd1 Nc6 10. Ne4 Qd8 11. Nf3 d6 12. Bc4 Be6 13. Bxe6 fxe6 14. Bh4 Nf6 15.
O-O Be7 16. Nfg5 Qd7 17. Nxf6+ Bxf6 18. Ne4 Be7 19. Bxe7 Kxe7 20. Qg4 Rag8 21.
Rad1 Nd4 22. exd4 cxd4 23. c3 d5 24. Nc5 Qc6 25. cxd4 g5 26. Rfe1 h5 27. Qe2 e4
28. Rc1 Rc8 29. Qe3 Kf7 30. Nxe4 Qa4 31. Nc5 1-0

[Event "Club de St-Jean ferme"]
[Site "St-Jean-sur-Richelieu CAN"]
[Date "2003.02.19"]
[Round "3"]
[White "McAlpin, John-Francis"]
[Black "Mongeau, Melissa"]
[Result "1-0"]
[WhiteElo "1909"]
[BlackElo "1215"]
[PlyCount "67"]
[EventDate "2003.02.05"]
[EventType "swiss"]
[EventRounds "5"]
[EventCountry "CAN"]

1. d4 d5 2. c4 Nf6 3. cxd5 Nxd5 4. e4 Nf6 5. Nc3 e6 6. Bg5 Be7 7. Nf3 O-O 8.
Bc4 h6 9. Bf4 Bb4 10. Qc2 Nc6 11. Rd1 Qe7 12. O-O Na5 13. Bd3 c5 14. a3 c4 15.
Be2 Bxc3 16. Qxc3 b6 17. Nd2 Ba6 18. b4 Nb7 19. Bxc4 Rac8 20. Qd3 Bxc4 21. Nxc4
Rfd8 22. f3 Nh5 23. Be3 b5 24. Nb2 a6 25. Rc1 f5 26. e5 Rxc1 27. Rxc1 Rd5 28.
Rc8+ Kh7 29. g4 Qd7 30. Qc2 Rxd4 31. gxh5 Rh4 32. Rc7 Qd5 33. Qg2 Qxe5 34. Qg6+
1-0

[Event "Club de St-Jean ferme"]
[Site "St-Jean-sur-Richelieu CAN"]
[Date "2003.02.19"]
[Round "3"]
[White "Morin, Gaetan"]
[Black "Maxant, Joseph"]
[Result "0-1"]
[WhiteElo "1717"]
[BlackElo "1773"]
[PlyCount "70"]
[EventDate "2003.02.05"]
[EventType "swiss"]
[EventRounds "5"]
[EventCountry "CAN"]

1. e4 c6 2. d4 d5 3. Nc3 dxe4 4. Nxe4 Bf5 5. Ng3 Bg6 6. Nf3 Nd7 7. Nh4 e5 8.
Nxg6 hxg6 9. dxe5 Nxe5 10. Qe2 Qe7 11. Bd2 O-O-O 12. O-O-O Nf6 13. f3 Ned7 14.
Bf4 Nd5 15. Rxd5 Qxe2 16. Bxe2 cxd5 17. Rd1 Nb6 18. h3 Bd6 19. Bxd6 Rxd6 20.
Ne4 Re6 21. Nc3 Rhe8 22. Bb5 Rd8 23. Bd3 a6 24. g4 Rde8 25. f4 d4 26. Nb1 Re1
27. f5 Rxd1+ 28. Kxd1 gxf5 29. Bxf5+ Kc7 30. Nd2 Na4 31. Nb3 Nxb2+ 32. Kd2 Nc4+
33. Kd3 Nd6 34. Kxd4 Nxf5+ 35. gxf5 Rh8 0-1